Countries and Capitals Beginning with the Same Letter - Statistics

General Stats
  • This quiz has been taken 1,909 times
  • The average score is 45 of 58
Answer Stats
Continent Country Answer % Correct
South America Country Brazil
94%
Europe Country Andorra
93%
South America Capital Brasilia
92%
North America Country Guatemala
92%
North America Capital Guatemala City
92%
Europe Country Vatican City
92%
Europe Capital Vatican City
92%
Africa Country Algeria
91%
South America Country Guyana
91%
Europe Country Luxembourg
91%
Europe Capital Luxembourg
91%
Europe Country Belgium
90%
North America Country Belize
89%
Africa Country Djibouti
89%
Africa Capital Djibouti
89%
North America Country Panama
89%
North America Capital Panama City
89%
Europe Capital Brussels
88%
North America Country Mexico
88%
North America Capital Mexico City
88%
Africa Capital Algiers
87%
Europe Capital Andorra la Vella
85%
North America Country Barbados
84%
Europe Country Sweden
84%
Europe Country Monaco
83%
Europe Capital Monaco
83%
Asia Country Kuwait
82%
Asia Capital Kuwait City
82%
Europe Capital Stockholm
82%
Africa Country Niger
81%
Oceania Country Marshall Islands
80%
Europe Country San Marino
79%
Europe Capital San Marino
79%
Oceania Country Papua New Guinea
78%
Africa Capital Tunis
78%
South America Capital Georgetown
77%
Asia Country Singapore
77%
Asia Capital Singapore
77%
Africa Country Tunisia
77%
Asia Country Brunei
76%
Asia Country South Korea
74%
North America Capital Belmopan
72%
Asia Capital Seoul
72%
Oceania Capital Port Moresby
67%
North America Capital Bridgetown
66%
Africa Country Mozambique
66%
Asia Country Maldives
65%
Asia Country Taiwan
63%
Asia Country Sri Lanka
62%
Asia Capital Male
60%
Africa Capital Sao Tome
60%
Africa Country Sao Tome and Principe
60%
Asia Capital Taipei
60%
Africa Capital Niamey
59%
Asia Capital Bandar Seri Begawan
58%
Africa Capital Maputo
54%
Oceania Capital Majuro
48%
Asia Capital Sri Jayawardenapura Kotte
48%
No matching quizzes found
Score Distribution
Percent of People with Each Score
Percentile by Number Answered
Your Score History
You have not taken this quiz